02559nam a2200253 4500001000800000005001700008007000300025008004100028040000800069041000800077100003600085245009400121246008700215300002000302520089900322520082901221650002202050650003402072650001202106650002402118650002802142650001602170773011902186ESSALUD20260701101102.0ta t pe ||||| |||| 00| 0 spa d aBMG aspa aGeldres Campos, Ricardo eAutor aComentarios a la sentencia del Tribunal Constitucional sobre la defensa posesoria estatal aCommentary on the Constitutional Court's ruling regarding state possessory defense apáginas 12-15 aEn una reciente sentencia (Expediente N° 00161-2022 - PA/TC), el Tribunal Constitucional precisó el alcance de la recuperación extrajudicial de predios de propiedad estatal, prevista en la Ley N° 30230. El autor manifiesta su conformidad con dicha decisión y afirma que el Colegiado no niega la validez constitucional de este mecanismo, sino que delimita con claridad su ámbito legítimo de aplicación. Así, refiere que la sentencia establece que dicha potestad es una técnica excepciona l de defensa frente a invasiones u ocupaciones manifiestamente ilegales, y no un mecanismo para resolver controversias de titularidades de naturaleza compleja. En ese sentido, cuan do el particular exhibe un título inscrito en Registros Públicos, la controversia deja de ser estrictamente posesoria y se convierte en un conflicto sobre titularidad que exige contradicción probatoria. aIn o recent ruling (Cose No. 00161-2022-PA/TC), the Constitutional Court specified the scope of extrajudicial recovery of state-owned real estate, as provided for under Law No. 30230. The author expresses concurrence with said decision, asserting thot the Court does not deny the constitutional validity of this mechanism, but rother clearly defines its legitimate scope of application. Thus, the author notes that the judgment establishes this authority as an extraordinary defense technique against manifestly illegal invasions or squatting, rother than o mechanism to resolve complex title disputes. Consequently, when a private party presents a title deed registered in the Public Registry, the controversy ceases to be strictly possessory and evolves into a conflict over ownership that requires an evidentiary hearing. aDEFENSA POSESORIA aRECUPERACIÓN EXTRAJUDICIAL  aPREDIOS aPOSSESSORY DEFENSE  aEXTRAJUDICIAL RECOVERY  aREAL ESTATE0 022573dLima Grupo Praxis Formación Profesional, 2026-oPRA002tPraxis Civil & Procesal CivilwESSALUDx3119-7671